| 000 | 00404nam a22001337a 4500 | ||
|---|---|---|---|
| 003 | SGT | ||
| 082 |
_a617.51 _bC10M |
||
| 100 | _aMINISTRY OF HEALTH & FAMILY WELFARE. | ||
| 245 | _aCLINICAL STUDIES OF CERTAIN AYURVEDIC FORMULATIONS IN THE MANAGEMENT OF PARAPLEGIA(PANGU) | ||
| 260 |
_aDELHI _bMINISTRY OF HEALTH & FAMILY WELFARE. _c2010 |
||
| 300 | _a177 | ||
| 650 | _aAYURVEDA FORMULATION | ||
| 942 |
_2ddc _cBK |
||
| 999 |
_c8648 _d8648 |
||